Subdivision capitals closest to Szekszárd (HU) - Statistics

General Stats
  • This quiz has been taken 11 times
  • The average score is 10 of 20
Answer Stats
Distance (km) Answer % Correct
12 131 Budapest
100%
20 150 Novi Sad
80%
7 98 Kecskemét
60%
16 145 Koprivnica
60%
5 88 Osijek
60%
1 47 Pécs
60%
3 72 Sombor
60%
4 79 Subotica
60%
9 112 Szeged
60%
6 96 Székesfehérvár
60%
18 146 Szolnok
60%
2 70 Kaposvár
40%
19 148 Kikinda
40%
15 143 Slavonski Brod
40%
14 139 Tatabánya
40%
8 103 Veszprém
40%
10 113 Vukovar
40%
17 146 Orašje
20%
11 117 Virovitica
20%
13 138 Požega
0%
No matching quizzes found
Score Distribution
Percent of People with Each Score
Percentile by Number Answered
Your Score History
You have not taken this quiz